| 000 | 01146cam a22003377a 4500 | ||
|---|---|---|---|
| 003 | CHAP | ||
| 005 | 20220817041235.0 | ||
| 008 | 971013s1993 r 00010 d | ||
| 010 | _a9415 | ||
| 011 | _a10387 | ||
| 035 | _a9624 | ||
| 040 | _cCHAP | ||
| 090 | _aFolleto 14269 | ||
| 110 |
_aFideicomisos Instituídos en Relación con la Agricultura. México _940733 |
||
| 245 | 0 |
_aArrendamiento financiero _b: una alternativa para las empresas agropecuarias |
|
| 260 |
_aMorelia, Mich. : _bFideicomisos Instituídos en Relación con la Agricultura, _c1993 |
||
| 300 | _a24 p | ||
| 410 | _aFIRA | ||
| 490 | 0 |
_aBoletin informativo _v; XXV (251) |
|
| 590 |
_aBATCH-UPD _b10 _c20130110 _lUCH01 _h1314 |
||
| 590 |
_aBATCH-UPD _b10 _c20130410 _lUCH01 _h0826 |
||
| 590 |
_aBATCH-UPD _b10 _c20130914 _lUCH01 _h0649 |
||
| 590 |
_aCONVERSION _b10 _c20130109 _lUCH01 _h1306 |
||
| 650 | 1 | 4 |
_aCrédito agrícola _zMéxico. _929089 |
| 650 | 1 | 4 |
_aMaquinaria agrícola _xArrendamiento. _971154 |
| 810 |
_aFIRA _941029 |
||
| 830 | 0 |
_aBoletin informativo _v; XXV (251) |
|
| 901 | _aBK | ||
| 942 | _cFOLL | ||
| 949 |
_aFolleto 14269 _bBC _cFOLL _d-20602 _eTS1 _i9624 _mD _si |
||
| 999 |
_c9415 _d9415 |
||